00468nam a2200193Ia 4500008004100000041001200041082001200053082001100065100001500076100001100091245004100102260001300143260001900156260000900175300001500184365002500199440003100224650001900255150909s9999 xx 000 0 und d aEnglish a 581 .1 bGOS/PH aGoss J A  eAuthor aPhysiology of plants and their cells aNew York bPergamon Press c1973 a457 Pages aUSD.16.50  aBiological sciences series aPlant proteins